| 000 | 00598nam a22002057a 4500 | ||
|---|---|---|---|
| 001 | 2235 | ||
| 003 | BD-RjUL | ||
| 005 | 20211208233517.0 | ||
| 008 | 131210s1975 ne ||||| |||| 00| 0 eng d | ||
| 035 | _a(BD-RjUL)2262 | ||
| 040 |
_aBD-RjUL _beng _cBD-RjUL |
||
| 041 | _aeng | ||
| 082 |
_219 _a338.5 _bSAP 1975 |
||
| 100 |
_aSatō, Kazuo. _97280 |
||
| 245 |
_aProduction functions and aggregation / _cKazuo Satō |
||
| 260 |
_aNew York : _bNorth-Holland Pub. Co, _c c1975 |
||
| 300 |
_axxxiii, 313 p. : _bill. ; _c23 cm. |
||
| 650 |
_aProduction functions (Economic theory) _9132121 |
||
| 942 |
_2ddc _cBK |
||
| 999 |
_c2235 _d2235 |
||